Sensibilidad e inteligencia en el mundo vegetal /
Contiene: 1) La raíz del problema; 2) La planta, esa desconocida; 3) Los sentidos de las plantas; 4) La comunicación de las plantas; 5) La inteligencia vegetal.
Guardado en:
| Autor principal: | |
|---|---|
| Otros autores: | |
| Formato: | Libro |
| Idioma: | Español |
| Publicado: |
Barcelona, España :
Galaxia Gutenberg,
2023, c2015
|
| Edición: | 14a edición |
| Colección: | (Ensayo Galaxia Gutenberg ;
34) |
| Temas: | |
| Etiquetas: |
Sin etiquetas, Sé el primero en etiquetar este registro!
|
MARC
| LEADER | 00000nam^a2200000^a^4500 | ||
|---|---|---|---|
| 001 | 000579202 | ||
| 005 | 20250521000000.0 | ||
| 009 | 20260310132524.237 | ||
| 020 | |a 978-84-16252-31-2 | ||
| 037 | |a Acervo ITESO - Biblioteca | ||
| 041 | |a ESP | ||
| 082 | |a 581. |b MAN | ||
| 100 | |a Mancuso, Stefano |e (autor) | ||
| 245 | 1 | 0 | |a Sensibilidad e inteligencia en el mundo vegetal / |c S. Mancuso, A. Viola ; tr. por David Paradela López. |
| 250 | |a 14a edición | ||
| 264 | 4 | |a Barcelona, España : |b Galaxia Gutenberg, |c 2023, c2015 | |
| 300 | |a 142 p. | ||
| 336 | |a texto |b txt |2 rdacontenido | ||
| 337 | |a sin mediación |b n |2 rdamedio | ||
| 338 | |a volumen |b nc |2 rdasoporte | ||
| 440 | 1 | |a (Ensayo Galaxia Gutenberg ; |v 34) | |
| 500 | |a Traducción de: Verde brillante. Sensibilità e intelligenza del mondo vegetale | ||
| 520 | |a Contiene: 1) La raíz del problema; 2) La planta, esa desconocida; 3) Los sentidos de las plantas; 4) La comunicación de las plantas; 5) La inteligencia vegetal. | ||
| 521 | |a FIL 2023 DIA | ||
| 649 | |a XX | ||
| 650 | |a Plantas - |x Aspectos Sociales y Culturales - |x Tema Principal | ||
| 650 | |a Plantas - |x Tema Principal | ||
| 650 | |a Comunidades de Plantas | ||
| 650 | |a Ecología Vegetal | ||
| 650 | |a Desarrollo Sustentable | ||
| 650 | |a Biogeografía | ||
| 650 | |a Botánica - |x Tema Principal | ||
| 650 | |a Ciencias Naturales | ||
| 700 | |a Viola, Alessandra |e (autor) | ||
| 910 | |a Fondo General | ||
| 920 | |a Impresos - Libros | ||
| 930 | |a Colección General | ||
| 905 | |a 101 | ||
| 901 | |a 0500405707 |b IT1 |c ACC |i C184795 |u 20250521 | ||
| 902 | |a https://opac.biblio.iteso.mx/vufind/Record/000579202 | ||